[Event "71st RUS-ch Higher League 2018"]
[Site "Yaroslavl"]
[Date "2018.06.29"]
[Round "4"]
[White "Usmanov, Vasily"]
[Black "Tekeyev, Zaur"]
[Result "1-0"]
[WhiteElo "2477"]
[BlackElo "2407"]
[Annotator "ChessBase"]
[PlyCount "91"]
[EventDate "2018.06.26"]
[EventType "swiss"]
[EventCountry "RUS"]
[SourceTitle "playchess.com"]
[Source "ChessBase"]
[SourceQuality "1"]
[TimeControl "40/5400+30:1800+30"]

1. d4 {[%emt 0:00:00]} Nf6 {[%emt 0:02:17]} 2. g3 {[%emt 0:00:00]} c5 {[%emt 0:05:53]} 3. d5 {[%emt 0:04:15]} b5 {[%emt 0:00:10]} 4. a4 {[%emt 0:02:36]} Qa5+ {[%emt 0:14:05]} 5. Bd2 {[%emt 0:03:30]} b4 {[%emt 0:00:37]} 6. Bg2 {[%emt 0:00:23]} d6 {[%emt 0:01:07]} 7. c4 {[%emt 0:04:49]} g6 {[%emt 0:10:28]} 8. e4 {[%emt 0:11:34]} Nbd7 {[%emt 0:07:09]} 9. b3 {[%emt 0:03:38]} Bg7 {[%emt 0:05:06]} 10. Ra2 {[%emt 0:00:59]} O-O {[%emt 0:09:24]} 11. Ne2 {[%emt 0:00:21]} Ba6 {[%emt 0:02:30]} 12. O-O {[%emt 0:01:41]} Ne5 {[%emt 0:05:52]} 13. Qc1 {[%emt 0:10:46]} Nfd7 {[%emt 0:09:41]} 14. Bg5 {[%emt 0:27:42]} Rfe8 {[%emt 0:01:49]} 15. f4 {[%emt 0:00:57]} Nxc4 {[%emt 0:01:34]} 16. bxc4 {[%emt 0:00:04]} b3 {[%emt 0:00:08]} 17. Rb2 {[%emt 0:04:44]} h6 {[%emt 0:04:10]} 18. Bxh6 {[%emt 0:03:45]} Bxh6 {[%emt 0:00:40]} 19. Rxb3 {[%emt 0:00:20]} Qxa4 {[%emt 0:01:06]} 20. Nd2 {[%emt 0:00:11]} Qa5 {[%emt 0:02:59]} 21. Ra3 {[%emt 0:00:09]} Qb6 {[%emt 0:00:15]} 22. Qc2 {[%emt 0:00:25]} Bc8 {[%emt 0:00:55]} 23. Rb1 {[%emt 0:03:06]} Qd8 {[%emt 0:01:15]} 24. Qa2 {[%emt 0:01:14]} a6 {[%emt 0:01:22]} 25. Nb3 {[%emt 0:00:21]} Rb8 {[%emt 0:04:25]} 26. Na5 {[%emt 0:00:04]} Rxb1+ {[%emt 0:00:07]} 27. Qxb1 {[%emt 0:00:01]} e5 {[%emt 0:00:15]} 28. Nc6 {[%emt 0:01:52]} Qf6 {[%emt 0:01:43]} 29. Rf3 {[%emt 0:03:18]} exf4 {[%emt 0:03:58]} 30. gxf4 {[%emt 0:00:02]} Bg7 {[%emt 0:00:17]} 31. e5 {[%emt 0:01:09]} Qf5 {[%emt 0:02:05]} 32. Qxf5 {[%emt 0:04:14]} gxf5 {[%emt 0:00:01]} 33. Ng3 {[%emt 0:00:14]} Nb6 {[%emt 0:01:47]} 34. Nh5 {[%emt 0:00:15]} Kh7 {[%emt 0:01:24]} 35. Rh3 {[%emt 0:02:23]} Kg6 {[%emt 0:00:01]} 36. Bf3 {[%emt 0:00:05]} Bh8 {[%emt 0:01:20]} 37. Rg3+ {[%emt 0:00:39]} Kh6 {[%emt 0:00:13]} 38. Rh3 {[%emt 0:03:13]} Kg6 {[%emt 0:00:02]} 39. exd6 {[%emt 0:00:19]} f6 {[%emt 0:00:15]} 40. Ne7+ {[%emt 0:00:00]} Kf7 {[%emt 0:00:12]} 41. Ng3 {[%emt 0:02:42]} Rd8 {[%emt 0:07:32]} 42. Rh7+ {[%emt 0:01:47]} Bg7 {[%emt 0:00:25]} 43. Nh5 {[%emt 0:00:56]} Rxd6 {[%emt 0:01:20]} 44. Rxg7+ {[%emt 0:00:13]} Ke8 {[%emt 0:01:09]} 45. Nxc8 {[%emt 0:00:07]} Nxc8 {[%emt 0:00:03]} 46. Rc7 {[%emt 0:00:09]} 1-0

[Event "71st RUS-ch Higher League 2018"]
[Site "Yaroslavl"]
[Date "2018.06.29"]
[Round "4"]
[White "Iskusnyh, Sergei"]
[Black "Rodin, Dmitrij"]
[Result "1-0"]
[WhiteElo "2473"]
[BlackElo "2402"]
[Annotator "ChessBase"]
[PlyCount "141"]
[EventDate "2018.06.26"]
[EventType "swiss"]
[EventCountry "RUS"]
[SourceTitle "playchess.com"]
[Source "ChessBase"]
[SourceQuality "1"]
[TimeControl "40/5400+30:1800+30"]

1. d4 {[%emt 0:00:00]} Nf6 {[%emt 0:00:06]} 2. c4 {[%emt 0:00:00]} e6 {[%emt 0:00:05]} 3. g3 {[%emt 0:00:05]} d5 {[%emt 0:00:34]} 4. Nf3 {[%emt 0:00:21]} Bb4+ {[%emt 0:00:35]} 5. Bd2 {[%emt 0:01:09]} Bd6 {[%emt 0:00:06]} 6. Nc3 {[%emt 0:02:03]} O-O {[%emt 0:01:40]} 7. Qc2 {[%emt 0:02:48]} Nbd7 {[%emt 0:12:33]} 8. Bg2 {[%emt 0:46:15]} c6 {[%emt 0:11:39]} 9. O-O {[%emt 0:01:58]} dxc4 {[%emt 0:04:58]} 10. Rfd1 {[%emt 0:04:13]} Qe7 {[%emt 0:03:54]} 11. Ng5 {[%emt 0:02:25]} Bc7 {[%emt 0:16:33]} 12. Be1 {[%emt 0:11:56]} h6 {[%emt 0:03:44]} 13. Nge4 {[%emt 0:02:55]} Nd5 {[%emt 0:01:32]} 14. Nd2 {[%emt 0:05:01]} b5 {[%emt 0:09:42]} 15. b3 {[%emt 0:05:09]} Ba5 {[%emt 0:04:13]} 16. Nde4 {[%emt 0:05:52]} f5 {[%emt 0:07:12]} 17. Nxd5 {[%emt 0:01:35]} exd5 {[%emt 0:00:06]} 18. Nc3 {[%emt 0:00:20]} Bxc3 {[%emt 0:04:10]} 19. Bxc3 {[%emt 0:00:38]} b4 {[%emt 0:00:48]} 20. Be1 {[%emt 0:02:17]} Ba6 {[%emt 0:00:57]} 21. e3 {[%emt 0:01:35]} Bb5 {[%emt 0:00:19]} 22. a3 {[%emt 0:01:25]} bxa3 {[%emt 0:00:27]} 23. bxc4 {[%emt 0:00:18]} Bxc4 {[%emt 0:00:29]} 24. Qa4 {[%emt 0:00:37]} Nb6 {[%emt 0:04:16]} 25. Qa5 {[%emt 0:00:57]} Rfb8 {[%emt 0:01:55]} 26. Bb4 {[%emt 0:00:18]} Qd7 {[%emt 0:00:07]} 27. Bxa3 {[%emt 0:00:24]} Bb5 {[%emt 0:00:53]} 28. Bc5 {[%emt 0:00:19]} Nc4 {[%emt 0:00:07]} 29. Qc3 {[%emt 0:00:08]} a5 {[%emt 0:00:40]} 30. Qc2 {[%emt 0:00:59]} Qe6 {[%emt 0:00:38]} 31. Bh3 {[%emt 0:00:33]} g6 {[%emt 0:00:15]} 32. Bf1 {[%emt 0:00:27]} Rb7 {[%emt 0:02:56]} 33. Rdb1 {[%emt 0:00:15]} a4 {[%emt 0:02:06]} 34. Bxc4 {[%emt 0:00:38]} dxc4 {[%emt 0:00:05]} 35. Re1 {[%emt 0:00:37]} Qe4 {[%emt 0:00:39]} 36. Qxe4 {[%emt 0:00:53]} fxe4 {[%emt 0:00:01]} 37. Kg2 {[%emt 0:00:32]} Rf7 {[%emt 0:00:21]} 38. Reb1 {[%emt 0:00:17]} Rd8 {[%emt 0:00:17]} 39. Rf1 {[%emt 0:00:40]} Rf3 {[%emt 0:00:05]} 40. Ra2 {[%emt 0:00:00]} Kf7 {[%emt 0:00:44]} 41. Rc1 {[%emt 0:03:00]} Ke6 {[%emt 0:02:25]} 42. Rc3 {[%emt 0:00:21]} Rd5 {[%emt 0:01:59]} 43. Rb2 {[%emt 0:00:33]} g5 {[%emt 0:03:40]} 44. h3 {[%emt 0:00:38]} h5 {[%emt 0:01:22]} 45. Ba3 {[%emt 0:00:30]} g4 {[%emt 0:01:03]} 46. Rbc2 {[%emt 0:20:26]} Rdf5 {[%emt 0:01:42]} 47. h4 {[%emt 0:00:41]} Rf7 {[%emt 0:01:11]} 48. Rb2 {[%emt 0:01:20]} Kd5 {[%emt 0:00:46]} 49. Bc5 {[%emt 0:01:17]} Rb7 {[%emt 0:00:19]} 50. Ra2 {[%emt 0:00:34]} Rbf7 {[%emt 0:04:57]} 51. Kg1 {[%emt 0:00:51]} Ke6 {[%emt 0:00:49]} 52. Kg2 {[%emt 0:01:17]} R3f5 {[%emt 0:00:07]} 53. Ba3 {[%emt 0:01:42]} Rb7 {[%emt 0:00:42]} 54. Rb2 {[%emt 0:01:29]} Rff7 {[%emt 0:00:40]} 55. Rb4 {[%emt 0:01:16]} Kd5 {[%emt 0:00:40]} 56. Rc2 {[%emt 0:00:34]} Rfd7 {[%emt 0:01:05]} 57. Rc1 {[%emt 0:00:19]} c5 {[%emt 0:01:27]} 58. dxc5 {[%emt 0:00:17]} Kc6 {[%emt 0:00:02]} 59. Rbxc4 {[%emt 0:03:01]} Bxc4 60. Rxc4 Ra7 {[%emt 0:01:01]} 61. Rxe4 {[%emt 0:00:01]} Rd3 {[%emt 0:00:39]} 62. Re6+ {[%emt 0:00:07]} Kb5 {[%emt 0:01:16]} 63. Rb6+ {[%emt 0:00:43]} Kc4 {[%emt 0:00:35]} 64. Rb4+ {[%emt 0:00:07]} Kd5 {[%emt 0:01:16]} 65. e4+ {[%emt 0:00:10]} Ke6 {[%emt 0:00:51]} 66. Rb6+ {[%emt 0:02:22]} Ke5 {[%emt 0:00:50]} 67. Bc1 {[%emt 0:00:22]} a3 {[%emt 0:00:25]} 68. Rb5 {[%emt 0:00:39]} Kxe4 {[%emt 0:00:47]} 69. c6 {[%emt 0:00:05]} a2 {[%emt 0:00:35]} 70. Bb2 {[%emt 0:00:04]} a1=Q {[%emt 0:00:23]} 71. Re5# {[%emt 0:00:06] Ra8} 1-0

[Event "71st RUS-ch Higher League 2018"]
[Site "Yaroslavl"]
[Date "2018.06.29"]
[Round "4"]
[White "Fakhrutdinov, Timur"]
[Black "Alekseenko, Kirill"]
[Result "0-1"]
[WhiteElo "2460"]
[BlackElo "2621"]
[Annotator "ChessBase"]
[PlyCount "120"]
[EventDate "2018.06.26"]
[EventType "swiss"]
[EventCountry "RUS"]
[SourceTitle "playchess.com"]
[Source "ChessBase"]
[SourceQuality "1"]
[TimeControl "40/5400+30:1800+30"]

1. e4 {[%emt 0:00:00]} c5 {[%emt 0:00:16]} 2. Nf3 {[%emt 0:00:00]} d6 {[%emt 0:00:26]} 3. d4 {[%emt 0:00:00]} cxd4 {[%emt 0:00:16]} 4. Nxd4 {[%emt 0:00:00]} Nf6 {[%emt 0:00:11]} 5. Nc3 {[%emt 0:00:00]} a6 {[%emt 0:00:24]} 6. Be2 {[%emt 0:00:12]} e5 {[%emt 0:00:30]} 7. Nb3 {[%emt 0:00:07]} Be7 {[%emt 0:00:27]} 8. O-O {[%emt 0:00:13]} O-O {[%emt 0:00:27]} 9. Qd3 {[%emt 0:00:18]} Be6 {[%emt 0:01:14]} 10. Be3 {[%emt 0:00:14]} Nbd7 {[%emt 0:00:52]} 11. Nd5 {[%emt 0:00:33]} Bxd5 {[%emt 0:00:25]} 12. exd5 {[%emt 0:00:06]} Ne8 {[%emt 0:00:26]} 13. Qd2 {[%emt 0:01:04]} f5 {[%emt 0:07:25]} 14. g3 {[%emt 0:00:36]} Nef6 {[%emt 0:03:29]} 15. f3 {[%emt 0:00:40]} a5 {[%emt 0:07:48]} 16. Rad1 {[%emt 0:16:16]} g6 {[%emt 0:04:28]} 17. c4 {[%emt 0:02:46]} b6 {[%emt 0:01:10]} 18. Na1 {[%emt 0:04:48]} Rc8 {[%emt 0:20:34]} 19. Nc2 {[%emt 0:01:35]} Nh5 {[%emt 0:02:04]} 20. g4 {[%emt 0:25:34]} Ng7 {[%emt 0:09:51]} 21. Kg2 {[%emt 0:01:07]} f4 {[%emt 0:03:45]} 22. Bg1 {[%emt 0:01:43]} Bh4 {[%emt 0:00:07]} 23. Na3 {[%emt 0:08:01]} h5 {[%emt 0:07:09]} 24. Nb5 {[%emt 0:03:55]} Ne8 {[%emt 0:01:18]} 25. gxh5 {[%emt 0:09:40]} Rf5 {[%emt 0:10:32]} 26. Bd3 {[%emt 0:05:58]} Rxh5 {[%emt 0:00:39]} 27. Kh1 {[%emt 0:03:42]} Kg7 {[%emt 0:01:48]} 28. Qc2 {[%emt 0:03:28]} Qg5 {[%emt 0:04:28]} 29. Rd2 {[%emt 0:01:55]} Bg3 {[%emt 0:00:30]} 30. Rg2 {[%emt 0:01:18]} Nc5 {[%emt 0:00:11]} 31. Bxc5 {[%emt 0:04:42]} Rxc5 {[%emt 0:02:38]} 32. b3 {[%emt 0:01:29]} Rh6 {[%emt 0:00:25]} 33. Kg1 {[%emt 0:01:56]} Bxh2+ {[%emt 0:02:08]} 34. Kf2 {[%emt 0:00:07]} Bg3+ {[%emt 0:00:03]} 35. Ke2 {[%emt 0:00:08]} Rc8 {[%emt 0:00:15]} 36. Kd1 {[%emt 0:01:47]} Qe7 {[%emt 0:00:50]} 37. Qe2 {[%emt 0:01:22]} Qd7 {[%emt 0:02:27]} 38. Nc3 {[%emt 0:01:01]} Nf6 {[%emt 0:03:30]} 39. Ne4 {[%emt 0:00:16]} Nxe4 {[%emt 0:01:46]} 40. Qxe4 {[%emt 0:00:00]} Qc7 {[%emt 0:01:16]} 41. Kc2 {[%emt 0:07:55]} Rf8 {[%emt 0:00:46]} 42. Kb2 {[%emt 0:02:07]} Rf5 {[%emt 0:01:31]} 43. a3 {[%emt 0:08:16]} Qc5 {[%emt 0:01:50]} 44. Bc2 {[%emt 0:05:05]} Rfh5 {[%emt 0:05:37]} 45. Rd1 {[%emt 0:01:38]} Kf6 {[%emt 0:04:08]} 46. Qd3 {[%emt 0:01:28]} Rg5 {[%emt 0:00:43]} 47. Qd2 {[%emt 0:01:55]} Rh8 {[%emt 0:01:12]} 48. Qd3 {[%emt 0:00:27]} Rh2 {[%emt 0:05:36]} 49. Rdd2 {[%emt 0:00:29]} Rh1 {[%emt 0:00:40]} 50. Rd1 {[%emt 0:00:21]} Rh6 {[%emt 0:01:56]} 51. Qd2 {[%emt 0:00:37]} Rhh5 {[%emt 0:04:07]} 52. Qd3 {[%emt 0:00:26]} Bf2 {[%emt 0:00:50]} 53. Rxg5 {[%emt 0:01:46]} Rxg5 {[%emt 0:00:05]} 54. Rh1 {[%emt 0:01:30]} Rg3 {[%emt 0:00:19]} 55. Qe4 {[%emt 0:03:00]} Kg7 {[%emt 0:01:44]} 56. Kb1 {[%emt 0:01:51]} Qxa3 {[%emt 0:00:47]} 57. Rd1 {[%emt 0:00:14]} Qc5 {[%emt 0:01:15]} 58. Rd3 {[%emt 0:00:26]} Bd4 {[%emt 0:00:40]} 59. Rd1 {[%emt 0:00:22]} a4 {[%emt 0:00:07]} 60. Ka2 {[%emt 0:00:46]} Rg2 {[%emt 0:02:52]} 0-1

[Event "71st RUS-ch Higher League 2018"]
[Site "Yaroslavl"]
[Date "2018.06.29"]
[Round "4"]
[White "Gaifullin, Artur"]
[Black "Sek, Konstantin"]
[Result "1-0"]
[WhiteElo "2448"]
[BlackElo "2476"]
[Annotator "ChessBase"]
[PlyCount "113"]
[EventDate "2018.06.26"]
[EventType "swiss"]
[EventCountry "RUS"]
[SourceTitle "playchess.com"]
[Source "ChessBase"]
[SourceQuality "1"]
[TimeControl "40/5400+30:1800+30"]

1. Nf3 {[%emt 0:00:00]} Nf6 {[%emt 0:02:25]} 2. d4 {[%emt 0:00:00]} e6 {[%emt 0:00:12]} 3. c4 {[%emt 0:00:00]} c5 {[%emt 0:00:06]} 4. d5 {[%emt 0:00:00]} exd5 {[%emt 0:00:04]} 5. cxd5 {[%emt 0:00:00]} d6 {[%emt 0:00:05]} 6. Nc3 {[%emt 0:00:00]} g6 {[%emt 0:00:04]} 7. h3 {[%emt 0:00:00]} Bg7 {[%emt 0:06:23]} 8. e4 {[%emt 0:00:04]} O-O {[%emt 0:00:08]} 9. Bd3 {[%emt 0:00:04]} a6 {[%emt 0:02:40]} 10. a4 {[%emt 0:00:09]} Nbd7 {[%emt 0:00:06]} 11. O-O {[%emt 0:00:09]} Re8 {[%emt 0:00:02]} 12. Re1 {[%emt 0:00:05]} Nh5 {[%emt 0:00:43]} 13. Bg5 {[%emt 0:01:34]} Bf6 {[%emt 0:00:18]} 14. Bd2 {[%emt 0:04:39]} Rb8 {[%emt 0:09:03]} 15. g4 {[%emt 0:06:13]} Ng7 {[%emt 0:01:02]} 16. Bf1 {[%emt 0:06:20]} g5 {[%emt 0:03:36]} 17. e5 {[%emt 0:03:44]} Nxe5 {[%emt 0:02:05]} 18. Ne4 {[%emt 0:00:55]} h6 {[%emt 0:28:30]} 19. Ra3 {[%emt 0:18:58]} Nxf3+ {[%emt 0:05:12]} 20. Rxf3 {[%emt 0:00:02]} Bxb2 {[%emt 0:00:44]} 21. Qb1 {[%emt 0:11:49]} Be5 {[%emt 0:04:50]} 22. Bd3 {[%emt 0:00:32]} f5 {[%emt 0:10:02]} 23. Ng3 {[%emt 0:07:06]} f4 {[%emt 0:06:48]} 24. Bg6 {[%emt 0:01:01]} Rf8 {[%emt 0:01:54]} 25. Ne4 {[%emt 0:00:12]} c4 {[%emt 0:01:57]} 26. Nxd6 {[%emt 0:13:33]} Bxd6 {[%emt 0:03:14]} 27. Bh7+ {[%emt 0:00:06]} Kh8 {[%emt 0:00:06]} 28. Bc3 {[%emt 0:00:04]} Rf6 {[%emt 0:01:17]} 29. Qa1 {[%emt 0:01:09]} Kxh7 {[%emt 0:07:02]} 30. Bxf6 {[%emt 0:00:06]} Qf8 {[%emt 0:00:36]} 31. Qb1+ {[%emt 0:02:53]} Bf5 {[%emt 0:02:29]} 32. Bxg7 {[%emt 0:00:06]} Bxb1 {[%emt 0:00:04]} 33. Bxf8 {[%emt 0:00:05]} Bxf8 {[%emt 0:00:27]} 34. Rxb1 {[%emt 0:00:05]} b5 {[%emt 0:00:03]} 35. Rc3 {[%emt 0:02:24]} Bd6 {[%emt 0:00:07]} 36. Rc2 {[%emt 0:00:06]} Kg7 {[%emt 0:00:24]} 37. Kg2 {[%emt 0:06:46]} Kf7 {[%emt 0:01:09]} 38. Kf3 {[%emt 0:00:11]} Ke7 {[%emt 0:00:31]} 39. Ke4 {[%emt 0:00:12]} Kd7 {[%emt 0:00:14]} 40. Kd4 {[%emt 0:00:00]} Bc7 {[%emt 0:01:03]} 41. axb5 {[%emt 0:07:09]} axb5 {[%emt 0:00:09]} 42. Rcb2 {[%emt 0:00:28]} c3 {[%emt 0:09:45]} 43. Ra2 {[%emt 0:06:42]} b4 {[%emt 0:01:24]} 44. Kc4 {[%emt 0:00:05]} Bd6 {[%emt 0:00:45]} 45. Ra7+ {[%emt 0:04:25]} Kd8 {[%emt 0:02:27]} 46. Kb3 {[%emt 0:00:13]} Rb5 {[%emt 0:01:12]} 47. Rd1 {[%emt 0:00:22]} Rc5 {[%emt 0:01:56]} 48. Kc2 {[%emt 0:00:07]} Rb5 {[%emt 0:01:23]} 49. f3 {[%emt 0:07:30]} Be5 {[%emt 0:00:48]} 50. Kb3 {[%emt 0:00:13]} Bd6 {[%emt 0:02:28]} 51. Rda1 {[%emt 0:03:47]} Bb8 {[%emt 0:06:44]} 52. R1a5 {[%emt 0:02:20]} Rb6 {[%emt 0:00:56]} 53. R7a6 {[%emt 0:00:07]} Rb7 {[%emt 0:00:14]} 54. Rxh6 {[%emt 0:00:21]} Bc7 {[%emt 0:00:50]} 55. Ra8+ {[%emt 0:00:17]} Kd7 {[%emt 0:00:00]} 56. Raa6 {[%emt 0:00:57]} Rb5 {[%emt 0:00:51]} 57. Rh7+ {[%emt 0:00:16]} 1-0

[Event "71st RUS-ch Higher League 2018"]
[Site "Yaroslavl"]
[Date "2018.06.29"]
[Round "4"]
[White "Vastrukhin, Oleg"]
[Black "Gogolev, Artem"]
[Result "1/2-1/2"]
[WhiteElo "2420"]
[BlackElo "2407"]
[Annotator "NA"]
[PlyCount "81"]
[EventDate "2018.06.26"]
[EventType "swiss"]
[EventCountry "RUS"]
[SourceTitle "playchess.com"]
[Source "ChessBase"]
[SourceQuality "1"]
[TimeControl "40/5400+30:1800+30"]

1. g3 {[%emt 0:02:46]} g6 {[%emt 0:00:15]} 2. Bg2 {[%emt 0:00:06]} Bg7 {[%emt 0:00:05]} 3. c4 {[%emt 0:00:26]} c5 {[%emt 0:00:10]} 4. Nc3 {[%emt 0:00:04]} Nc6 {[%emt 0:00:08]} 5. e3 {[%emt 0:00:14]} e6 {[%emt 0:02:52]} 6. Nge2 {[%emt 0:00:32]} Nge7 {[%emt 0:00:11]} 7. O-O {[%emt 0:00:22]} O-O {[%emt 0:00:13]} 8. d4 {[%emt 0:02:43]} cxd4 {[%emt 0:00:11]} 9. Nxd4 {[%emt 0:00:48]} Nxd4 {[%emt 0:00:38]} 10. exd4 {[%emt 0:00:06]} d5 {[%emt 0:00:05]} 11. cxd5 {[%emt 0:01:17]} Nxd5 {[%emt 0:00:07]} 12. Qb3 {[%emt 0:01:45]} Bxd4 {[%emt 0:02:10]} 13. Nxd5 {[%emt 0:02:25]} exd5 {[%emt 0:00:59]} 14. Bxd5 {[%emt 0:00:16] A36: Symmetrical English vs ...g6: 4 Bg2 Bg7} (14. Bh6 Bg7 15. Bxg7 Kxg7 16. Qxd5 Qxd5 17. Bxd5 Rd8 18. Rfd1 Rd6 19. Bb3 Rxd1+ 20. Rxd1 Bf5 21. f3 Kf6 22. Kf2 Rc8 23. Ke3 Re8+ 24. Kf2 Rc8 25. Ke3 Re8+ 26. Kf2 {½-½ (26) Ribli,Z (2588)-Hracek,Z (2624) Germany 2011}) 14... Qf6 {[%emt 0:13:53]} 15. h4 $146 {[%emt 0:08:24]} ({Predecessor:} 15. Bh6 Re8 16. Be3 Bxb2 17. Rab1 Be5 18. Qa4 b5 19. Qxb5 Ba6 20. Qa4 Bxf1 21. Bxa8 Rxa8 22. Rxf1 {½-½ (29) Moiseenko,I (2242)-Odnorozhenko,E (2298) Kostroma 2012}) 15... Bh3 {[%emt 0:03:06]} 16. Bg5 {[%emt 0:02:20]} Qf5 {[%emt 0:05:21]} 17. Bg2 {[%emt 0:01:14]} Bxg2 {[%emt 0:01:22]} 18. Kxg2 {[%emt 0:00:05]} Qe4+ {[%emt 0:05:16]} 19. Qf3 {[%emt 0:00:19]} Qxf3+ {[%emt 0:00:57]} 20. Kxf3 {[%emt 0:00:04]} Rac8 {[%emt 0:00:08]} 21. Rfd1 {[%emt 0:00:08]} Bxb2 {[%emt 0:00:30]} 22. Rab1 {[%emt 0:00:04]} Rc2 {[%emt 0:00:18]} 23. Rd2 {[%emt 0:00:04]} Rxd2 {[%emt 0:02:15]} 24. Bxd2 {[%emt 0:00:02]} Bd4 {[%emt 0:00:35]} 25. Rxb7 {[%emt 0:00:06]} Rc8 {[%emt 0:00:53]} 26. Be3 {[%emt 0:05:09]} Bxe3 {[%emt 0:00:05]} 27. fxe3 {[%emt 0:00:04]} a5 {[%emt 0:00:07]} 28. Rb5 {[%emt 0:00:51]} a4 {[%emt 0:00:07]} 29. Rb4 {[%emt 0:00:13]} Ra8 {[%emt 0:01:00]} 30. g4 {[%emt 0:01:41]} a3 {[%emt 0:00:41]} 31. Ke2 {[%emt 0:03:02]} Kg7 {[%emt 0:02:06]} 32. Kd3 {[%emt 0:00:27]} h5 {[%emt 0:06:53]} 33. gxh5 {[%emt 0:06:32]} gxh5 {[%emt 0:01:25]} 34. Rb5 {[%emt 0:02:58]} Kg6 {[%emt 0:00:31]} 35. e4 {[%emt 0:03:10]} f6 {[%emt 0:03:29]} 36. Rb6 {[%emt 0:05:13]} Kf7 {[%emt 0:02:42]} 37. Rb5 {[%emt 0:02:50]} Kg6 $11 {[%emt 0:01:07]} 38. Rb3 {[%emt 0:00:49]} Ra4 {[%emt 0:16:36]} 39. Rb6 {[%emt 0:00:50]} Kf7 {[%emt 0:00:29]} 40. Rb5 {[%emt 0:00:00]} Kg6 {[%emt 0:00:11]} 41. Rb6 {[%emt 0:03:55]} 1/2-1/2

[Event "71st RUS-ch Higher League 2018"]
[Site "Yaroslavl"]
[Date "2018.06.29"]
[Round "4"]
[White "Okrugin, Sergey"]
[Black "Dreev, Aleksey"]
[Result "0-1"]
[WhiteElo "2334"]
[BlackElo "2657"]
[Annotator "ChessBase"]
[PlyCount "80"]
[EventDate "2018.06.26"]
[EventType "swiss"]
[EventCountry "RUS"]
[SourceTitle "playchess.com"]
[Source "ChessBase"]
[SourceQuality "1"]
[TimeControl "40/5400+30:1800+30"]

1. d4 {[%emt 0:00:00]} Nf6 {[%emt 0:03:46]} 2. c4 {[%emt 0:00:35]} e6 {[%emt 0:00:07]} 3. Nc3 {[%emt 0:02:51]} d5 {[%emt 0:00:37]} 4. Nf3 {[%emt 0:00:25]} Nbd7 {[%emt 0:00:50]} 5. e3 {[%emt 0:02:02]} a6 {[%emt 0:09:03]} 6. b3 {[%emt 0:01:46]} b6 {[%emt 0:00:47]} 7. g3 {[%emt 0:11:56]} Bb7 {[%emt 0:07:10]} 8. Bg2 {[%emt 0:00:35]} Bd6 {[%emt 0:00:23]} 9. O-O {[%emt 0:00:20]} O-O {[%emt 0:00:05]} 10. Bb2 {[%emt 0:01:21]} Qe7 {[%emt 0:02:15]} 11. Qe2 {[%emt 0:04:30]} Rfe8 {[%emt 0:03:26]} 12. Rfd1 {[%emt 0:05:35]} dxc4 {[%emt 0:17:35]} 13. bxc4 {[%emt 0:05:33]} Bb4 {[%emt 0:01:28]} 14. a3 {[%emt 0:18:36]} Ba5 {[%emt 0:00:40]} 15. Nd2 {[%emt 0:00:42]} Bxg2 {[%emt 0:00:36]} 16. Kxg2 {[%emt 0:00:07]} e5 {[%emt 0:01:44]} 17. Nb3 {[%emt 0:03:55]} exd4 {[%emt 0:04:18]} 18. Rxd4 {[%emt 0:00:53]} Bxc3 {[%emt 0:01:12]} 19. Bxc3 {[%emt 0:00:03]} c5 {[%emt 0:00:55]} 20. Rdd1 {[%emt 0:03:26]} h5 {[%emt 0:06:53]} 21. Nd2 {[%emt 0:05:33]} h4 {[%emt 0:03:28]} 22. gxh4 {[%emt 0:05:20]} Ne5 {[%emt 0:03:14]} 23. h3 {[%emt 0:05:15]} Ng6 {[%emt 0:04:16]} 24. Bxf6 {[%emt 0:12:09]} Qxf6 {[%emt 0:00:48]} 25. Kf1 {[%emt 0:01:31]} Nxh4 {[%emt 0:06:10]} 26. Qg4 {[%emt 0:01:27]} Rxe3 {[%emt 0:02:17]} 27. Ne4 {[%emt 0:00:15]} Qf3 {[%emt 0:00:32]} 28. Qxf3 {[%emt 0:00:29]} Rxf3 {[%emt 0:00:04]} 29. a4 {[%emt 0:03:30]} Rxh3 {[%emt 0:02:21]} 30. Ng3 {[%emt 0:01:25]} Ng6 {[%emt 0:09:16]} 31. a5 {[%emt 0:00:44]} bxa5 {[%emt 0:03:08]} 32. Rxa5 {[%emt 0:00:08]} Rh4 {[%emt 0:00:06]} 33. Rxc5 {[%emt 0:01:04]} a5 {[%emt 0:00:08]} 34. Kg2 {[%emt 0:01:13]} Nf4+ {[%emt 0:00:50]} 35. Kf3 {[%emt 0:00:17]} Ne6 {[%emt 0:01:46]} 36. Rh5 {[%emt 0:00:12]} Rf4+ {[%emt 0:01:18]} 37. Ke3 {[%emt 0:01:10]} g6 {[%emt 0:00:09]} 38. Rh6 {[%emt 0:00:21]} Rb8 {[%emt 0:01:49]} 39. Ne4 {[%emt 0:00:18]} Rb3+ {[%emt 0:00:31]} 40. Rd3 {[%emt 0:00:00]} Rxe4+ {[%emt 0:00:24]} 0-1